{"text_format":"3","workbook":"xlsx","n_sheets":1,"sheets":["st2_protocoldata_subj"],"read":"whole","date_system":"1900"}

{"sheet":"st2_protocoldata_subj","index":0,"n_rows":43,"n_cols":16,"rows_kept":43}
["№","Фамлия","Имя","Отчество","Пол","Дата рождения","Участник с ОВЗ","Класс","Класс участия","Балл","Макс. Балл","Статус","Призер МЭ прошлого года","Учитель","Место работы учителя","Направление, вид практики  по технологии"]
[1,3,4,5,6,7,8,9,10,11,12,13,14,15,16,17]
[1,"Гараев","Вадим","Альбертович","м","2012-12-27","нет",5,5,24,100,"участник","нет","Блинова Ольга Вячеславовна","МБОУ «Средняя общеобразовательная школа №7 г. Лениногорска» муниципального образования \"Лениногорский муниципальный район\" Республики Татарстан"]
[3,"Драгунова","Ангелина","Сергеевна","ж","2012-07-24","нет",5,5,23,100,"участник","нет","Блинова Ольга Вячеславовна","МБОУ «Средняя общеобразовательная школа №7 г. Лениногорска» муниципального образования \"Лениногорский муниципальный район\" Республики Татарстан"]
[4,"Елистратова","Ангелина","Аркадьевна","ж","2012-04-15","нет",5,5,25,100,"участник","нет","Блинова Ольга Вячеславовна","МБОУ «Средняя общеобразовательная школа №7 г. Лениногорска» муниципального образования \"Лениногорский муниципальный район\" Республики Татарстан"]
[5,"Самойлов","Александр","Николаевич","м","2012-06-04","нет",5,5,30,100,"участник","нет","Блинова Ольга Вячеславовна","МБОУ «Средняя общеобразовательная школа №7 г. Лениногорска» муниципального образования \"Лениногорский муниципальный район\" Республики Татарстан"]
[6,"Сафин ","Реналь","Сибгатович","м","2012-02-15","нет",5,5,22,100,"участник","нет","Блинова Ольга Вячеславовна","МБОУ «Средняя общеобразовательная школа №7 г. Лениногорска» муниципального образования \"Лениногорский муниципальный район\" Республики Татарстан"]
[7,"Ситникова","Элеонора","Анатольевна","ж","2012-08-15","нет",5,5,29,100,"участник","нет","Блинова Ольга Вячеславовна","МБОУ «Средняя общеобразовательная школа №7 г. Лениногорска» муниципального образования \"Лениногорский муниципальный район\" Республики Татарстан"]
[8,"Фазуллин","Рафаэль","Рамилевич","м","2012-08-10","нет",5,5,21,100,"участник","нет","Блинова Ольга Вячеславовна","МБОУ «Средняя общеобразовательная школа №7 г. Лениногорска» муниципального образования \"Лениногорский муниципальный район\" Республики Татарстан"]
[9,"Фаттахова","Амалия","Маратовна","ж","2012-08-14","нет",5,5,29,100,"участник","нет","Блинова Ольга Вячеславовна","МБОУ «Средняя общеобразовательная школа №7 г. Лениногорска» муниципального образования \"Лениногорский муниципальный район\" Республики Татарстан"]
[10,"Фатхутдинов","Аскар","Равилевич","м","2012-04-07","нет",5,5,25,100,"участник","нет","Блинова Ольга Вячеславовна","МБОУ «Средняя общеобразовательная школа №7 г. Лениногорска» муниципального образования \"Лениногорский муниципальный район\" Республики Татарстан"]
[11,"Шайхутдинов","Данияр","Эдуардович","м","2012-01-19","нет",5,5,25,100,"участник","нет","Блинова Ольга Вячеславовна","МБОУ «Средняя общеобразовательная школа №7 г. Лениногорска» муниципального образования \"Лениногорский муниципальный район\" Республики Татарстан"]
[12,"Балахонцев","Павел","Алексеевич","м","2011-04-02","нет",6,6,55,100,"призер","нет","Блинова Ольга Вячеславовна","МБОУ «Средняя общеобразовательная школа №7 г. Лениногорска» муниципального образования \"Лениногорский муниципальный район\" Республики Татарстан"]
[13,"Ганиев","Богдан","Геннадьевич","м","2010-11-29","нет",6,6,24,100,"участник","нет","Кадырова Людмила Николаевна","МБОУ «Средняя общеобразовательная школа №7 г. Лениногорска» муниципального образования \"Лениногорский муниципальный район\" Республики Татарстан"]
[14,"Грачев","Семен","Денисович","м","2011-06-11","нет",6,6,27,100,"участник","нет","Кадырова Людмила Николаевна","МБОУ «Средняя общеобразовательная школа №7 г. Лениногорска» муниципального образования \"Лениногорский муниципальный район\" Республики Татарстан"]
[15,"Зарубежнов","Серафим","Андреевич","м","2011-01-27","нет",6,6,36,100,"участник","нет","Блинова Ольга Вячеславовна","МБОУ «Средняя общеобразовательная школа №7 г. Лениногорска» муниципального образования \"Лениногорский муниципальный район\" Республики Татарстан"]
[16,"Зиганшин","Ранис","Рубесович","м","2011-08-30","нет",6,6,25,100,"участник","нет","Блинова Ольга Вячеславовна","МБОУ «Средняя общеобразовательная школа №7 г. Лениногорска» муниципального образования \"Лениногорский муниципальный район\" Республики Татарстан"]
[17,"Ковшов","Егор","Сергеевич","м","2011-05-20","нет",6,6,43,100,"участник","нет","Блинова Ольга Вячеславовна","МБОУ «Средняя общеобразовательная школа №7 г. Лениногорска» муниципального образования \"Лениногорский муниципальный район\" Республики Татарстан"]
[18,"Королев","Андрей","Дмитриевич","м","2011-09-12","нет",6,6,45,100,"участник","нет","Блинова Ольга Вячеславовна","МБОУ «Средняя общеобразовательная школа №7 г. Лениногорска» муниципального образования \"Лениногорский муниципальный район\" Республики Татарстан"]
[19,"Нутфуллин","Альфред","Искандерович","м","2011-07-10","нет",6,6,36,100,"участник","нет","Кадырова Людмила Николаевна","МБОУ «Средняя общеобразовательная школа №7 г. Лениногорска» муниципального образования \"Лениногорский муниципальный район\" Республики Татарстан"]
[20,"Гирфанов","Дамир","Ильдарович","м","2010-01-06","нет",7,7,55,100,"призер","нет","Блинова Ольга Вячеславовна","МБОУ «Средняя общеобразовательная школа №7 г. Лениногорска» муниципального образования \"Лениногорский муниципальный район\" Республики Татарстан"]
[21,"Навлютов","Айнур","Радмилевич","м","2010-07-08","нет",7,7,43,100,"участник","нет","Блинова Ольга Вячеславовна","МБОУ «Средняя общеобразовательная школа №7 г. Лениногорска» муниципального образования \"Лениногорский муниципальный район\" Республики Татарстан"]
[22,"Рябов ","Роман","Алексеевич","м","2010-01-24","нет",7,7,52,100,"призер","нет","Блинова Ольга Вячеславовна","МБОУ «Средняя общеобразовательная школа №7 г. Лениногорска» муниципального образования \"Лениногорский муниципальный район\" Республики Татарстан"]
[23,"Хайруллин","Булат","Дамирович","м","2010-02-23","нет",7,7,38,100,"участник","нет","Блинова Ольга Вячеславовна","МБОУ «Средняя общеобразовательная школа №7 г. Лениногорска» муниципального образования \"Лениногорский муниципальный район\" Республики Татарстан"]
[24,"Щербаков","Арсений","Юрьевич","м","2009-11-17","нет",7,7,37,100,"участник","нет","Блинова Ольга Вячеславовна","МБОУ «Средняя общеобразовательная школа №7 г. Лениногорска» муниципального образования \"Лениногорский муниципальный район\" Республики Татарстан"]
[25,"Гимаев","Данияр","Ришатович","м","2009-01-21","нет",8,8,28,100,"участник","нет","Горшенина Надежда Михайловна","МБОУ «Средняя общеобразовательная школа №7 г. Лениногорска» муниципального образования \"Лениногорский муниципальный район\" Республики Татарстан"]
[26,"Ильдебенев","Иван","Александрович","м","2009-01-05","нет",8,8,51,100,"призер","нет","Горшенина Надежда Михайловна","МБОУ «Средняя общеобразовательная школа №7 г. Лениногорска» муниципального образования \"Лениногорский муниципальный район\" Республики Татарстан"]
[27,"Менжаев","Даниил","Ирекович","м","2009-03-05","нет",8,8,54,100,"призер","нет","Горшенина Надежда Михайловна","МБОУ «Средняя общеобразовательная школа №7 г. Лениногорска» муниципального образования \"Лениногорский муниципальный район\" Республики Татарстан"]
[28,"Шаяхметова","Милана","Рифовна","м","2009-10-07","нет",8,8,54,100,"призер","нет","Кадырова Людмила Николаевна","МБОУ «Средняя общеобразовательная школа №7 г. Лениногорска» муниципального образования \"Лениногорский муниципальный район\" Республики Татарстан"]
[29,"Шайдуллина","Амина","Илдаровна","ж","2009-07-17","нет",8,8,30,100,"участник","нет","Горшенина Надежда Михайловна","МБОУ «Средняя общеобразовательная школа №7 г. Лениногорска» муниципального образования \"Лениногорский муниципальный район\" Республики Татарстан"]
[30,"Шигапов","Карим","Айратович","м","2009-01-09","нет",8,8,51,100,"призер","нет","Кадырова Людмила Николаевна","МБОУ «Средняя общеобразовательная школа №7 г. Лениногорска» муниципального образования \"Лениногорский муниципальный район\" Республики Татарстан"]
[31,"Больших","Екатерина","Николаевна","ж","2008-06-05","нет",9,9,55,100,"призер","да","Сабирова Альфинур Хамитовна","МБОУ «Средняя общеобразовательная школа №7 г. Лениногорска» муниципального образования \"Лениногорский муниципальный район\" Республики Татарстан"]
[32,"Горбунова","Татьяна","Сергеевна","ж","2008-01-11","нет",9,9,50,100,"призер","нет","Сабирова Альфинур Хамитовна","МБОУ «Средняя общеобразовательная школа №7 г. Лениногорска» муниципального образования \"Лениногорский муниципальный район\" Республики Татарстан"]
[33,"Давлетов","Айдар","Аскарович","м","2008-07-01","нет",9,9,51,100,"призер","нет","Сабирова Альфинур Хамитовна","МБОУ «Средняя общеобразовательная школа №7 г. Лениногорска» муниципального образования \"Лениногорский муниципальный район\" Республики Татарстан"]
[34,"Кульдюшов","Роман","Алексеевич","м","2007-10-20","нет",9,9,52,100,"призер","да","Сабирова Альфинур Хамитовна","МБОУ «Средняя общеобразовательная школа №7 г. Лениногорска» муниципального образования \"Лениногорский муниципальный район\" Республики Татарстан"]
[35,"Стрелов","Иван","Олегович","м","2008-06-16","нет",9,9,20,100,"участник","нет","Сабирова Альфинур Хамитовна","МБОУ «Средняя общеобразовательная школа №7 г. Лениногорска» муниципального образования \"Лениногорский муниципальный район\" Республики Татарстан"]
[36,"Федина","Елизавета","Егоровна","ж","2008-09-25","нет",9,9,50,100,"призер","нет","Сабирова Альфинур Хамитовна","МБОУ «Средняя общеобразовательная школа №7 г. Лениногорска» муниципального образования \"Лениногорский муниципальный район\" Республики Татарстан"]
[37,"Гафаров","Салим","Маратович","м","2007-03-01","нет",10,10,20,100,"участник","нет","Горшенина Надежда Михайловна","МБОУ «Средняя общеобразовательная школа №7 г. Лениногорска» муниципального образования \"Лениногорский муниципальный район\" Республики Татарстан"]
[38,"Реутов","Никита","Романович","м","2006-12-07","нет",10,10,54,100,"призер","да","Горшенина Надежда Михайловна","МБОУ «Средняя общеобразовательная школа №7 г. Лениногорска» муниципального образования \"Лениногорский муниципальный район\" Республики Татарстан"]
[39,"Чоботько","Ксения","Андреевна","ж","2007-01-26","нет",10,10,51,100,"призер","да","Горшенина Надежда Михайловна","МБОУ «Средняя общеобразовательная школа №7 г. Лениногорска» муниципального образования \"Лениногорский муниципальный район\" Республики Татарстан"]
[40,"Аксанова","Зарина","Рустамовна","ж","2006-07-19","нет",11,11,24,100,"участник","нет","Горшенина Надежда Михайловна","МБОУ «Средняя общеобразовательная школа №7 г. Лениногорска» муниципального образования \"Лениногорский муниципальный район\" Республики Татарстан"]
[41,"Егоянц","Диана","Артуровна","ж","2006-01-31","нет",11,11,14,100,"участник","нет","Горшенина Надежда Михайловна","МБОУ «Средняя общеобразовательная школа №7 г. Лениногорска» муниципального образования \"Лениногорский муниципальный район\" Республики Татарстан"]
[42,"Семенихина","Карина","Артемовна","ж","2006-02-01","нет",11,11,52,100,"призер","нет","Горшенина Надежда Михайловна","МБОУ «Средняя общеобразовательная школа №7 г. Лениногорска» муниципального образования \"Лениногорский муниципальный район\" Республики Татарстан"]